Aakkoset nopeasti - Statistics

Yleistilastot
  • Tätä visaa on pelattu 886 kertaa
  • Keskiarvotulos 21 / 29
Vastaustilastot
Vastaus % Oikein
A
100%
B
96%
C
93%
D
93%
E
92%
F
90%
G
90%
H
89%
I
86%
J
84%
K
84%
L
83%
M
82%
N
80%
O
79%
P
77%
Q
74%
R
72%
S
70%
T
68%
U
66%
V
59%
W
50%
X
44%
Y
39%
Z
37%
Å
30%
Ä
28%
Ö
27%
Ehtoja vastaavia visoja ei löytynyt
Tulosjakauma
Jokaisen tuloksen saaneiden osuus
Persentiili vastausten määrän mukaan
Tuloshistoriasi
Et ole pelannut tätä visaa